| 000 | 00918nam a2200289Ia 4500 | ||
|---|---|---|---|
| 001 | C0520 | ||
| 003 | IT-RoPAU | ||
| 008 | 130308s9999 xx 000 0 und d | ||
| 040 | _aIT-RoPAU | ||
| 040 | _cIT-RoPAU | ||
| 041 | _aITALIANO | ||
| 100 | _aTruffaut Francois | ||
| 100 | _gCodice Aut. SPICS: 318 | ||
| 245 | _aCinema francese muore sotto le false leggende (Il) | ||
| 245 | _bNouvelle Vague | ||
| 250 | _a2a ed. | ||
| 260 | _aTORINO | ||
| 260 | _bLindau | ||
| 260 | _c1993 [1° Ed.:1993 - Ed.Ling.Originale:1957] | ||
| 300 | _a"5 p. (prefazione: no ; testo: 5 [pagine: 141-145])" | ||
| 500 | _aBisogna superare L'Aneddotico. Una Nuova Verità Non è mai troppo Cara. Non ci Sono Brutti Film Ma registi Mediocri. Film di domani Sarà girato da Avventurieri. | ||
| 650 | _aMANIFESTAZIONI CINEMATOGRAFICHE | ||
| 650 | _eCodice materia Spics: 6815 | ||
| 942 | _cBK | ||
| 957 | _71 | ||
| 999 |
_c84262 _d84262 |
||
| 999 | _g1 | ||